书目信息 |
| 题名: |
论文学作品
|
|
| 作者: | 英加登 著 ;张振辉 译 | |
| 分册: | ||
| 出版信息: | 开封 河南大学出版社 2008.12 |
|
| 页数: | 369页 | |
| 开本: | 24cm | |
| 丛书名: | 新世纪经典译丛 | |
| 单 册: | ||
| 中图分类: | I01 | |
| 科图分类: | ||
| 主题词: | 文艺美学--wen yi mei xue--研究 | |
| 电子资源: | ||
| ISBN: | 978-7-81091-869-5 | |
| 000 | 01408nam 2200349 450 | |
| 001 | 012009974251 | |
| 005 | 20090622091319.28 | |
| 010 | @a978-7-81091-869-5@dCNY42.00 | |
| 100 | @a20090622d2008 km y0chi0120 ea | |
| 101 | 1 | @achi@ceng |
| 102 | @aCN@b410000 | |
| 105 | @ay a 000yy | |
| 106 | @ar | |
| 200 | 1 | @a论文学作品@Alun wen xue zuo pin@e介于本体论、语言理论和文学哲学之间的研究@f(波兰) 罗曼·英加登著@F(bo lan)luo man·ying jia deng zhu@g张振辉译@Gzhang zhen hui yi |
| 210 | @a开封@c河南大学出版社@d2008.12 | |
| 215 | @a369页@d24cm | |
| 225 | 2 | @a新世纪经典译丛@Axin shi ji jing dian yi cong |
| 300 | @a中国社会科学院老年科研基金资助 | |
| 305 | @a据华沙国家科学出版社1988年出版的波兰文原著译出 | |
| 306 | @a本书中文版由波兰华沙国家科学出版社授权 | |
| 312 | @a英文并列题名取自于封面 | |
| 320 | @a有书目 | |
| 330 | @a本书是英加登关于文学和艺术的最重要的美学著作。共分3部分15章,内容包括:起始的提问、文学作品的构建、补充和后果等。 | |
| 410 | 0 | @12001 @a新世纪经典译丛 |
| 500 | 10 | @aOn literary works@mChinese |
| 517 | 1 | @a介于本体论、语言理论和文学哲学之间的研究@Ajie yu ben ti lun、yu yan li lun he wen xue zhe xue zhi jian de yan jiu |
| 606 | 0 | @a文艺美学@Awen yi mei xue@x研究 |
| 690 | @aI01@v4 | |
| 701 | 1 | @a英加登@Aying jia deng@g(Ingarden, Roman)@4著 |
| 702 | 0 | @a张振辉@Azhang zhen hui@4译 |
| 801 | 0 | @aCN@bQSSK@c20090622 |
| 905 | @b744604-06@dI01@eY628@f3 | |
| 论文学作品:介于本体论、语言理论和文学哲学之间的研究/(波兰) 罗曼·英加登著/张振辉译.-开封:河南大学出版社,2008.12 |
| 369页;24cm.-(新世纪经典译丛) |
| 中国社会科学院老年科研基金资助 |
| ISBN 978-7-81091-869-5:CNY42.00 |
| 本书是英加登关于文学和艺术的最重要的美学著作。共分3部分15章,内容包括:起始的提问、文学作品的构建、补充和后果等。 |
| ● |
| 相关链接 |
|
|
|
正题名:论文学作品
索取号:I01/Y628
 
预约/预借
| 序号 | 登录号 | 条形码 | 馆藏地/架位号 | 状态 | 备注 |
| 1 | 744604 | 207446049 | 文学库108/108文学库 1排3列1层/ [索取号:I01/Y628] | 在馆 | |
| 2 | 744605 | 207446058 | 文学库108/108文学库 1排3列1层/ [索取号:I01/Y628] | 在馆 | |
| 3 | 744606 | 207446067 | 文学库108/108文学库 1排3列1层/ [索取号:I01/Y628] | 在馆 |